|
|
|
|
| LEADER |
00694cam a2200205ua 4500 |
| 020 |
|
|
|a 0-7494-4323-5
|
| 082 |
|
|
|a 658.827
|b BRA/P
|
| 100 |
0 |
|
|a Braun,, Thom
|
| 245 |
1 |
0 |
|a Philosophy of Branding: Great philosophers think brand /
|
| 260 |
|
|
|a New Delhi:
|b Kogan Page India Pvt Ltd,
|c 2004.
|
| 300 |
|
|
|a 191p..
|
| 650 |
|
|
|a Brand Name Products
|
| 650 |
0 |
|
|a Business Names- Philosophy
|
| 650 |
0 |
|
|a Product Management-Philosophy
|
| 650 |
0 |
|
|a Management of Distribution
|
| 650 |
0 |
|
|a Marketing Management
|
| 650 |
0 |
|
|a Sales Pramotion
|
| 942 |
|
|
|c BK
|
| 999 |
|
|
|c 12718
|d 12718
|
| 952 |
|
|
|0 0
|1 0
|4 0
|6 658_827000000000000_BRA
|7 0
|9 13265
|a KUCL
|b KUCL
|d 2014-05-23
|l 0
|o 658.827 BRA/
|p 15799
|r 2014-05-23
|w 2014-05-23
|y BK
|